000 00270nam a2200109Ia 4500
008 220204s9999 xx 000 0 und d
082 _a331.556
_bULL
245 0 _aSuburban economic network
260 _aNew York
_bPraeger
_c1977
700 _aULLMANN, John E
942 _cBK
999 _c31884
_d31884